| 000 | 01346cam a22002054a 4500 | ||
|---|---|---|---|
| 005 | 20250605164049.0 | ||
| 008 | 250528s ||||||||||||||||||||||||d | ||
| 035 | _a17206 | ||
| 020 | _a851988520 | ||
| 040 |
_aGR-AtMCL _bgre _dGR-AtMCL _eAACR2 |
||
| 245 | 1 | _aTourism in Europe / Structures and Developments | |
| 260 |
_bCab International, _c1993 |
||
| 300 | _a370 | ||
| 520 | _aThis book provides a general overview of tourism in Europe today. Contributors, Preface, Developments in Tourism in Europe, The Historical Development of Tourism in Europe, Culture and Tourism: Conflict or Symbiosis in Europe?, Tourism Policy in the European Community, The Liberalization of European Transport Markets, A Single European Market for the Tourism Industry, Labor and Vocational Education and Training, Travel Flows in Europe: A Statistical Summary, Structures and Trends in Different European Countries, Tourism in the United Kingdom, Tourism in the Republic of Ireland, Tourism in Benelux, Tourism in Scandinavia, Tourism in France, Tourism in Germany, Tourism in Spain, Tourism in Portugal, Tourism in Greece, Tourism in Italy, Tourism in Non-EC Countries: The Case of Switzerland and Austria, Tourism in Eastern Europe, Index. | ||
| 700 | 1 |
_aLavery P _93372 |
|
| 700 | 1 |
_aPompl W _93373 |
|
| 942 | _cBK | ||
| 999 |
_c2640 _d2640 |
||